Batería Psicopedagógica evalúa-4. Manual ámbito óptimo de utilización: finales del 4º curso de educación primaria, comienzos del 5º curso de educación primaria
Saved in:
| Main Authors: | , |
|---|---|
| Format: | Bog |
| Sprog: | spansk |
| Udgivet: |
Madrid, España
Instituto de Orientación Psicológica EOS
2007
|
| Udgivelse: | 2a. ed |
| Fag: | |
| Online adgang: | Disponible Online |
| Tags: |
Tilføj Tag
Ingen Tags, Vær først til at tagge denne postø!
|
MARC
| LEADER | 00000cam a2200000 a 4500 | ||
|---|---|---|---|
| 001 | UCC1789 | ||
| 003 | CL-VaPUC | ||
| 005 | 20210422001444.0 | ||
| 008 | 171124e20070000sp |||||||||||||||||spa|d | ||
| 999 | |c 370154 |d 370152 | ||
| 020 | |a 9788497272520 | ||
| 040 | |c Pontificia Universidad Católica de Valparaíso | ||
| 082 | 0 | 4 | |a 153.94 GAR 2007 |2 21 |
| 100 | |a García Vidal, Jesús |e author |9 598084 | ||
| 245 | 1 | 0 | |a Batería Psicopedagógica evalúa-4. Manual ámbito óptimo de utilización: |b finales del 4º curso de educación primaria, comienzos del 5º curso de educación primaria |
| 250 | |a 2a. ed | ||
| 260 | |a Madrid, España |b Instituto de Orientación Psicológica EOS |c 2007 | ||
| 300 | |a 105 páginas | ||
| 500 | |a Incluye: cuadernillo de respuesta, hoja de evaluación | ||
| 583 | |a last modification |c 20171124 15:27:00 |k Rodrigo Vera | ||
| 650 | 0 | |a Test y mediciones educacionales |2 CL-VaPUC |9 323971 | |
| 650 | 0 | |a Tests psicológicos |2 CL-VaPUC |9 308644 | |
| 650 | 0 | |a Pruebas de inteligencia |9 307461 | |
| 650 | 0 | |a Educación básica |9 224933 | |
| 700 | |a González Manjón, Daniel |e author |9 598086 | ||
| 856 | |u http://bibliografiadigital.pucv.cl.pucv.idm.oclc.org/index.php/bibliotecapucv/catalog/book/271 |y Disponible Online | ||
| 942 | |c BK |2 ddc | ||
| 945 | |d 20171124 15:27:00 |a arojas | ||
| 952 | |0 0 |1 0 |3 erb |4 0 |6 153_940000000000000_GAR_2007 |7 0 |8 R |9 486477 |a BIBEDU |b BIBEDU |c MCIRC |i 543808K |l 1 |o 153.94 GAR 2007 |p 543808K |r 2023-01-13 |s 2022-12-12 |w 2019-11-24 |y BK_R |z Catalogado en:20171124 |k EDI | ||